• 首页
  • 本馆介绍
  • 公告通知
  • 最新文献
  • 馆藏检索
  • 电子资源
  • 读者导购
  • 参考咨询
  • 我的图书馆
  • 登录
  • 详细信息显示
  • 放入我的书架
  • 预约/预借图书
  • 作者相关作品
  • 分类相关作品
  • 丛书相关作品
  • 出版社相关作品

书目信息

  • 表格格式
  • 工作单格式
  • 卡片格式
题名:
诗意的塑造
    
 
作者: 范芳 主编
分册:  
出版信息: 北京   群言出版社  2006
页数: 203页
开本: 25cm
丛书名:
单 册:
中图分类: J305.2
科图分类:
主题词: 雕塑--艺术评论--中国--现代--文集 , 雕塑 , 艺术评论
电子资源:
ISBN: 7-80080-583-2
000 00844nam0 2200253 450
001 003246452
005 20070803112547.43
010    @a7-80080-583-2@dCNY98.00
100    @a20060210d2006 em y0chiy0110 ea
101 0  @achi
102    @aCN@b110000
105    @aa z 000yy
200 1  @a诗意的塑造@9shi yi de su zao@e吴为山艺术评论集@f范芳主编
210    @a北京@c群言出版社@d2006
215    @a203页@c照片,图@d25cm
330    @a吴为山是南京大学教授,南京大学美术研究院院长,南京大学雕塑艺术研究所所长。本书收50多篇评论文章,对吴为山的雕塑艺术进行了评论。
517 1  @a吴为山艺术评论集@9wu wei shan yi shu ping lun ji
606 0  @a雕塑@x艺术评论@y中国@z现代@j文集
606 0  @a雕塑
606 0  @x艺术评论
690    @aJ305.2@v4
701  0 @a范芳@9fan fang@c(艺术评论)@4主编
801  0 @aCN@bNLC@c20070803
905    @a10447@dJ305.2@e26
    
    诗意的塑造:吴为山艺术评论集/范芳主编.-北京:群言出版社,2006
    203页:照片,图;25cm
    
    
    ISBN 7-80080-583-2:CNY98.00
    吴为山是南京大学教授,南京大学美术研究院院长,南京大学雕塑艺术研究所所长。本书收50多篇评论文章,对吴为山的雕塑艺术进行了评论。
●
相关链接 在E读中查询图书 在五车中查询图书 在当当中查询图书 在豆瓣中查询图书


正题名:诗意的塑造     索取号:J305.2/26         预约/预借

序号 登录号 条形码 馆藏地/架位号 状态 备注
1 0801586   208015869   第一样本阅览室/ [索取号:J305.2/26] 在馆    
2 0801587   208015878   第一借阅区/ [索取号:J305.2/26] 在馆    
3 0801588   208015887   第一借阅区/ [索取号:J305.2/26] 在馆    
4 0801589   208015896   第一借阅区/ [索取号:J305.2/26] 在馆    
5 0801590   208015903   密集书库-美术系/ [索取号:J305.2/26] 在馆    
6 0801591   208015912   密集书库-美术系/ [索取号:J305.2/26] 在馆    
7 0801592   208015921   密集书库-美术系/ [索取号:J305.2/26] 在馆    
唐山师范学院图书馆 欢迎您!
大连网信软件有限公司© 版权所有